| 000 | 01509nam a2200325 u 4500 | ||
|---|---|---|---|
| 001 | 000002694 | ||
| 003 | OSt | ||
| 005 | 20250909091242.0 | ||
| 008 | 090703s1991 dr bd r 000 0 spa d | ||
| 040 |
_aDO-SdBNP _bspa _cBNPHU |
||
| 082 |
_a333.783 _bP699u _222 |
||
| 245 | 0 | 0 |
_aPlan de uso y gestión del parque nacional de los Haitises y áreas periféricas : _bdocumento de síntesis / _ccoordinación Joaquín Hernández de la Obra ; colaboración Antonio Fajardo de la Fuente, Rafael Cámara Artiguas. |
| 260 |
_aSanto Domingo : _bDirección Nacional de Parques, _c1991. |
||
| 300 |
_a381, (11 h.) p. : _bil., mapa, diagrs. ; _c23 cm. |
||
| 500 | _aIncluye referencias bibliográfcas | ||
| 500 | _aContiene 11 hojas plegables | ||
| 504 | _aBibliografía : p. 378-381 | ||
| 590 | _aInventariado, 2018/LP | ||
| 610 | 1 | 4 |
_aParque Nacional de los Haitises (La Romana, República Dominicana) _98503 _z |
| 650 | 0 |
_aParques Nacionales _zRepública Dominicana _97049 |
|
| 650 | 4 |
_aPlanificación de parques nacionales _zRepública Dominicana _98504 |
|
| 650 | 4 |
_aReservas forestales _zLa Romana (República Dominicana) _977400 |
|
| 700 | 1 |
_aHernández de la Obra, Joaquín _98505 |
|
| 700 | 1 |
_aFajardo de la Fuente, Antonio _98506 |
|
| 700 | 1 |
_aCámara Artiguas, Rafael _98507 |
|
| 710 | 2 |
_aDirección Nacional de Parques (República Dominicana ) _977398 |
|
| 710 | 2 |
_aAgencia Española de Cooperación Internacional _934585 |
|
| 910 | _aVMateo Validado. Control de calidad MMOLINA | ||
| 942 |
_2ddc _cLBS1 |
||
| 999 |
_c2530 _d2530 |
||